| LEADER | 01804cam a2200337 i 4500 | ||
|---|---|---|---|
| 001 | 13415466 | ||
| 005 | 20170224092858.0 | ||
| 008 | 030731s2001 vm a f000 0 vie | ||
| 035 | |a (DLC) 2003412425 | ||
| 040 | |a DLC |b eng |e rda |c DLC | ||
| 042 | |a lcode |a pcc | ||
| 043 | |a a-vt--- | ||
| 050 | 0 | 0 | |a ML3758.V5 |b H62 2001 |
| 082 | |a 782.4209597 |b NG527TH | ||
| 100 | 1 | |a Nguyễn Thiên Sơn | |
| 245 | 1 | 0 | |a Thi trung hữu nhạc |c Nguyễn Thiên Sơn |b Tập sáng tác ca khúc |
| 260 | |a Huế. |b Thuận Hóa |c 1999 | ||
| 300 | |a 39tr. |c 19 cm | ||
| 520 | |a v...v | ||
| 653 | |a Âm nhạc | ||
| 653 | |a Bài hát | ||
| 653 | |a Việt Nam | ||
| 906 | |a 7 |b cbc |c origode |d 3 |e ncip |f 20 |g y-gencatlg | ||
| 942 | |2 ddc |c STK0 | ||
| 955 | |a wj07 2003-11-13 to RCCD |c cg06 2014-02-24 to MUSIC |a vl00 2014-04-24 | ||
| 999 | |c 2367 |d 2367 | ||
| 952 | |0 0 |1 0 |2 ddc |4 0 |6 782_420959700000000_NG527TH |7 1 |8 700 |9 31223 |a qbu |b qbu |c D5 |d 2014-12-13 |g 15000 |o 782.4209597 NG527TH |p 4814.C1 |r 0000-00-00 |w 2014-12-13 |y STK0 |0 0 |6 782_420959700000000_NG527TH | ||
| 952 | |0 0 |1 0 |2 ddc |4 0 |6 782_420959700000000_NG527TH |7 0 |8 700 |9 31224 |a qbu |b qbu |c D5 |d 2014-12-13 |g 15000 |o 782.4209597 NG527TH |p 4814.C2 |r 0000-00-00 |w 2014-12-13 |y STK0 |0 0 |6 782_420959700000000_NG527TH | ||
| 952 | |0 0 |1 0 |2 ddc |4 0 |6 782_420959700000000_NG527TH |7 0 |8 700 |9 31225 |a qbu |b qbu |c D5 |d 2014-12-13 |g 15000 |o 782.4209597 NG527TH |p 4814.C3 |r 0000-00-00 |w 2014-12-13 |y STK0 |0 0 |6 782_420959700000000_NG527TH | ||
| 952 | |0 0 |1 0 |2 ddc |4 0 |6 782_420959700000000_NG527TH |7 0 |8 700 |9 31226 |a qbu |b qbu |c D5 |d 2014-12-13 |g 15000 |o 782.4209597 NG527TH |p 4814.C4 |r 0000-00-00 |w 2014-12-13 |y STK0 |0 0 |6 782_420959700000000_NG527TH | ||
| 952 | |0 0 |1 0 |2 ddc |4 0 |6 782_420959700000000_NG527TH |7 0 |8 700 |9 31227 |a qbu |b qbu |c D5 |d 2014-12-13 |g 15000 |o 782.4209597 NG527TH |p 4814.C5 |r 0000-00-00 |w 2014-12-13 |y STK0 |0 0 |6 782_420959700000000_NG527TH | ||